| 000 | 00869nas a2200265 4500 | ||
|---|---|---|---|
| 001 | BR8400822 | ||
| 003 | BR-BrBNA | ||
| 005 | 20231205085810.0 | ||
| 007 | ta | ||
| 008 | 230509b bl.|||p| |||| 00| 00por d | ||
| 040 |
_aBR-BrBNA _bpor _cBiblioteca Nacional de Agricultura |
||
| 041 | _a(Pt) | ||
| 072 | _aH10 | ||
| 100 | 1 | _aLeal, M. do C.A. | |
| 100 | 1 | _aOliveira, M.H.C.C. de | |
| 245 | 1 | _aEstudo sistematico e ecologico dos afideos de pracas publicas do Recife, PE [Pernambuco, Brasil] | |
| 246 | 1 | _aSystematical and ecological study of aphids from public parks of Recife [Pernambuco, Brazil] | |
| 650 | _aAFIDIO | ||
| 650 | _aBIOLOGIA | ||
| 650 | _aRECIFE | ||
| 650 | _aPERNAMBUCO | ||
| 773 | 0 |
_tBrasil Florestal (Brazil) _xISSN 0045-270X _g(Oct 1983), v. 13(56) p. 37-40 _wBR8400822 |
|
| 909 |
_a202311 _bLúcia _c55 _dLúcia Elande |
||
| 942 |
_2AGRIS _n0 _cANA |
||
| 999 |
_c113885 _d113885 |
||